| 000 | 00957nam a2200241Ia 4500 | ||
|---|---|---|---|
| 008 | 191128s9999 xx 000 0 und d | ||
| 020 | _a9580418489 | ||
| 082 | _a330 .122 | ||
| 082 | _b D271 | ||
| 100 | _aLevine, Barry B., compilador | ||
| 245 | 0 | _aEl desafío neoliberal : el fin del tercermundismo en América Latina / | |
| 245 | 0 | _ccompilador Barry B. Levine | |
| 250 | _aPrimera edición | ||
| 260 | _aBogotá | ||
| 260 | _bNorma | ||
| 260 | _c1992 | ||
| 300 | _a518 páginas | ||
| 300 | _c 23 cm | ||
| 500 | _aIncluye datos biográficos en la solapa y páginas de los autores 495-504 Incluye índice onomástico y de materias | ||
| 505 | _aEl reto -- Contexto y cultura -- Chile -- México -- Colombia -- Brasil, Venezuela y Perú -- El Caribe -- El papel del gobierno, la ley los pobres y los intelectuales -- Reflexiones sobre la libertad | ||
| 546 | _aspa | ||
| 650 | _aLiberalismo Ajuste estructural Política -- America Latina-- | ||
| 999 |
_c5476 _d5476 |
||